LEADER 00851nam0-22003011i-450- 001 990002064840403321 005 20150702110038.0 035 $a000206484 035 $aFED01000206484 035 $a(Aleph)000206484FED01 035 $a000206484 100 $a20030910d1988----km-y0itay50------ba 101 0 $apol 200 1 $aSlimaki ladowe$eGastropoda terrestria$fAdolf Riedel 210 $aWarszawa$cPanstwowe Wydawnictwo Naukowe$d1988 215 $a315 p.$d24 cm 225 1 $aKatalog Fauny Polski$v36.1 610 0 $aMolluschi 610 0 $aGastropoda 676 $a594.3 700 1$aRiedel,$bAdolf$088194 801 0$aIT$bUNINA$gRICA$2UNIMARC 901 $aBK 912 $a990002064840403321 952 $a61 XIV A.3/20$b657 (10/10/1988)$fDAGEN 959 $aDAGEN 996 $aSlimaki ladowe Gastropoda terrestria$9393784 997 $aUNINA LEADER 01415nam0 22002893i 450 001 FER0134990 005 20231121125502.0 010 $a9062552080 100 $a20151016d1978 ||||0itac50 ba 101 | $ager 102 $anl 181 1$6z01$ai $bxxxe 182 1$6z01$an 200 1 $aStudien zur allgemeinen Rechtslehre des Gaius$e˜(œIus gentium und ius naturale in ihrem Verhältnis zum ius civile)$fHerbert Wagner 210 $aZutphen$cTerra publishing$d1978 215 $aXXV, 290 p.$d29 cm. 225 | $aStudia Amstelodamensia ad epigraphicam, ius antiquum et papyrologicam pertinentia$v15 410 0$1001BVE0004845$12001 $aStudia Amstelodamensia ad epigraphicam, ius antiquum et papyrologicam pertinentia$v15 700 1$aWagner$b, Herbert$3MILV005757$4070$0205254 801 3$aIT$bIT-01$c20151016 850 $aIT-FR0017 899 $aBiblioteca umanistica Giorgio Aprea$bFR0017 912 $aFER0134990 950 0$aBiblioteca umanistica Giorgio Aprea$d 52CIS S.Sij.E5.Stud.Amst.15 a-b??$e 52VM 0000135745 VM barcode:000000873-20. - Inventario:977 Sijp.VM$fA $h19600101$i20121204$d 52CIS S.Sij.E5.Stud.Amst.15 a-b??$e 52VM 0000135735 VM barcode:000000873-10. - Inventario:971VM$fA $h19600101$i20121204 977 $a 52 996 $aStudien zur allgemeinen Rechtslehre des Gaius$9539725 997 $aUNICAS